Statistics for Answers That Start With E

Click here to take the quiz!

General Stats

  • This quiz has been taken 196 times
  • The average score is 13 of 14

Answer Stats

HintAnswer% Correct
Compass directionEast
100%
Number after tenEleven
99%
ContinentEurope / Eurasia
99%
One of the tallest mountains- Mount...Everest
98%
Animal with tusks made of ivoryElephant
96%
Holiday celebrating the resurrection of ChristEaster
95%
Not hardEasy
94%
Last part of a storyEnd / Ending
94%
Chicken offspring develop in thisEgg
93%
Bird with "no hair"- bald....Eagle
89%
Not on time or lateEarly
82%
Bert and...Ernie
74%
Dwight D.Eisenhower
71%
Marshall MathersEminem
67%

Score Distribution

Percentile by Number Answered

Percent of People with Each Score

Your Score History

You have not taken this quiz